| 000 | 00882cab a22002415a 4500 | ||
|---|---|---|---|
| 001 | L159949 | ||
| 008 | 150113e2017 xxk 000 0 eng d | ||
| 035 | _a(Sirsi) u159949 | ||
| 041 | 0 | _aeng | |
| 050 | _218 | ||
| 100 | 1 | _aCastle, James | |
| 245 | 0 | 0 |
_aFrom the services to surveying _h[electronic resource] |
| 260 |
_aLondon _bRICS _c2017 |
||
| 490 |
_aRICS Building Surveying Journal _vMarch - April 2017, 23(1) |
||
| 520 | _aDescribes a route of his grandfather Charlie Watkins from the army into the surveying profession and the options for military personnel available today. | ||
| 650 | 2 | 4 | _aABOUT RICS-RICS MEMBERS |
| 650 | 2 | 4 | _aARMY PERSONNEL |
| 650 | 2 | 4 | _aCAREER |
| 651 | 4 |
_aUnited Kingdom _y |
|
| 690 |
_aBuilding surveying _96225 |
||
| 856 | 4 | 0 |
_uhttps://issuu.com/ricsmodus/docs/building_surveying_journal_march_ap _yAvailable free online via Issuu |
| 942 | _n0 | ||
| 999 |
_c85073 _d85073 |
||